000 00472nam a22001697a 4500
999 _c27364
_d27364
003 BDDh-ASL
005 20231015030746.0
008 211102s1955 ii ||||| |||| 00| 0 u d
040 _aBDDh-ASL
_cBDDh-ASL
082 _a370
_bHUT
100 1 _95582
_aHussain, Zakir
_cDr.
245 1 0 _aTalimi Khutbat : / تعليمی خطبات
260 _aDelhi :
_bMaktaba-e Jamia Ltd. ,
_c1955.
300 _a260 p. :
_c18 cm.
650 0 _91210
_aEducation
942 _2ddc
_cBK